Responses for show #7000 - Friday, February 6, 2015

2015 Teachers Tournament quarterfinal game 5.

Contestants

Jay Singleton, a high school government and social studies teacher from Waynesboro, Virginia

Kate La Rivière-Gagner, a fifth and sixth grade teacher from Starksboro, Vermont

Adam Elkana-Hale, a middle school math teacher from St. Louis, Missouri

Jeopardy! Round responses

EUROPE IN LATIN
HOME FURNISHINGS
BAD POETRY ABOUT POETS
FROM BOOK TO FILM
AMERICANA
TIME FOR "T"
    $200 1
the Rhine

Kate
    $200 26
a buffet

Jay
    $200 21
(Emily) Dickinson

Kate
    $200 11
Babe

Kate
    $200 6
(Alex: Gotta love that dog.)
[Before the first break, the conclusion of the dog clip plays, showing that the dog eventually succeeds in getting up off the ground.]

America's Funniest Home Videos

Adam
    $200 16
tweezers

Jay
    $400 2
Malta

Adam
    $400 27
massage

Jay
    $400 22
(John) Keats

Adam
    $400 12
(Adam: What is Dick Tracy?)

Bugsy

AdamJay
    $400 7
a Bowie knife

Adam
    $400 17
a tabloid

Jay
    $600 3
Wales

Adam
    $600 28
Tiffany

Adam
    $600 23
(Samuel) Coleridge

Jay
    $600 13
Willy Wonka and the Chocolate Factory

Kate
    $600 8
(Rudy) Giuliani

Jay
    $600 18
a timpani

Kate
    $800 4
Switzerland

Adam
    $800 29
the Shakers

Adam
    $800 24
(Walt) Whitman

Kate
    $800 14
Die Hard

Adam
    $800 9
a cobra

Adam
    $800 19
tobacco

Kate
    $1000 5
(Jay: What is Lithuania?)
...
(Alex: I thought that one would kind of get you guys. It's [*].)

Portugal

Jay
Triple Stumper
    $1000 30
(Kate La Rivière-Gagner's students at Monkton Central School: Everybody, Freeze! Good luck, Ms. Gagner! [Cheering])

a Parson chair

Kate
    $1,600 25
(Kate: Who's Shakespeare?)
(Alex: No. "Into the Valley of Death rode the six hundred", "Charge of the Light Brigade" by [*].)

Alfred Lord Tennyson

Kate
    $1000 15
(Adam Elkana-Hale's students at Loyola Academy of St. Louis: Good luck on Jeopardy!, Mr. E!)

The Exorcist

Triple Stumper
    $1000 10
Grandma Moses

Triple Stumper
    $1000 20
tachycardia

Adam

Scores at the first commercial break (after clue 15):

Adam Kate Jay
$3,600 $1,000 $0

Scores at the end of the Jeopardy! Round:

Adam Kate Jay
$6,400 $2,800 $1,800

Double Jeopardy! Round responses

THE MIDDLE AGES
THEY NAMED A SCHOOL FOR ME!
8-LETTER WORDS
OFFICIAL STATE SYMBOLS
REPTILES
NON-BLONDES HAVE MORE FUN
    $400 1
a chastity belt

Jay
    $400 11
Topeka

Kate
    $400 6
(Adam: What is an abbreviation?)
(Jay: What is ampersand?)
...
(Alex: What did you see next to the M? [*]! Pay attention to the clues!)

an asterisk

AdamJay
Triple Stumper
    $400 16
cowboy boots

Adam
    $400 26
Komodo dragons

Kate
    $400 21
Prince Harry

Kate
    $800 2
Saladin

Jay
    $800 12
Gallaudet

Adam
    $800 7
an ellipsis

Adam
    $800 17
the apple

Kate
    $800 27
a tortoise

Kate
    $800 22
Robert Downey, Jr.

Jay
    $1200 3
a crossbow

Adam
    $1200 13
Lafayette

Jay
    $1200 8
a falsetto

Adam
    $1200 18
a buckeye

Adam
    $1200 28
a gecko

Adam
    $1200 23
(Anna) Kendrick

Adam
    $3,000 4
(Alex: That's it--[*]. You still hear the term today.)

journeymen

Adam
    $1600 14
Michael DeBakey

Triple Stumper
    $1600 9
a braggart

Adam
    $1600 19
the Malamute

Kate
    $1600 29
(Adam: What is a crocodile?)

an alligator

AdamKate
    $1600 24
Diana Ross

Kate
    $2000 5
(Alex: And that name familiar to us all is [*].)

Plantagenet

Triple Stumper
    $2000 15
(Mary McLeod) Bethune

Jay
    $2000 10
vitreous

Triple Stumper
    $1,400 20
(Kate: What is the Swanee?)
...
(Kate: I wouldn't have known that.)

the Wabash

Kate
    $2000 30
coral snakes

Jay
    $2000 25
(Alex: The film starred [*].)

Liam Neeson

Triple Stumper

Scores at the end of the Double Jeopardy! Round:

Adam Kate Jay
$17,000 $9,000 $8,600

Final Jeopardy! Round responses

SHAKESPEARE
(Alex: And now, here are the other winners of these quarterfinal games this week...)
(Colin: Colin O'Grady, Alexandria, Virginia.)
(Lydia: Lydia Cuffman, Redwood City, California.)
(Eric: Eric Hack, Cape Charles, Virginia.)
(Jennifer: Jennifer Giles, Longmont, Colorado.)
(Alex: Remember now, we have the four high scorers among non-winners. Here they are...)
(Erin: Erin McLaughlin, Queens, New York.)
(Mary: Mary Bayer, Hoffman Estates, Illinois.)
(Cathy: Cathy Farrell, Wyandotte, Michigan.)
(Alex: And one more, and that happens to be this lady here. Come on over, Kate.)
[Kate laughs.]
(Alex: Come on over. You're gonna play as a semifinalist next week.)
(Kate: Thank you so much.)
JayWhat is Italy Eng
$8,600
KateWhat is Italy?
$9,000
AdamWhat is Italy
$1,001
Italy

Final scores:

Adam Kate Jay
$18,001 $18,000 $0
Automatic semifinalist 2nd place: $5,000 if eliminated 3rd place: $5,000 if eliminated

Game dynamics:

Coryat scores:

Adam Kate Jay
$15,600 $12,000 $8,600
21 R
(including 1 DD),
3 W
16 R,
2 W
(including 2 DDs)
13 R,
2 W

Combined Coryat: $36,200

The J! Archive is created by fans, for fans. The Jeopardy! game show and all elements thereof, including but not limited to copyright and trademark thereto, are the property of Jeopardy Productions, Inc. and are protected under law. This website is not affiliated with, sponsored by, or operated by Jeopardy Productions, Inc. Join the discussion at JBoard.tv.